Diseño de pavimento flexible y revisión de diseño Geométrico del tramo camino el Marrón - Walpapina 8 km , región autónoma Atlántico sur
Presenta el diseño de pavimento flexible y revisión de diseño Geométrico del tramo camino el Marrón - walpapina 8 km, región autónoma Atlántico sur para la cual se aplicaron los métodos de la norma de diseño del manual de Centro Americano del diseño geométrico de carreteras SIECA, AASHT...
| Main Authors: | , , |
|---|---|
| Other Authors: | |
| Format: | Tesis Section = Libro |
| Language: | Undetermined Spanish |
| Published: |
Managua
UNI
2013
|
| Subjects: |
| LEADER | 01645nam a2200277Ia 4500 | ||
|---|---|---|---|
| 008 | 240830s9999 xx 000 0 und d | ||
| 040 | |a BIBLIOTECA-RUPAP T.Mon 625.8 A167 | ||
| 041 | |a spa | ||
| 082 | |a T.Mon 625.8 A167 | ||
| 100 | 1 | |a Aburto Guevara, Natanael Alonso | |
| 100 | 1 | |b Dubois Barreto Julio César | |
| 100 | 1 | |c Reyes Urbina Wilfredo | |
| 245 | 1 | 0 | |a Diseño de pavimento flexible y revisión de diseño Geométrico del tramo camino el Marrón - Walpapina 8 km , región autónoma Atlántico sur |
| 260 | |a Managua |b UNI |c 2013 | ||
| 300 | |a 80 p. :il. | ||
| 500 | |a Contiene: anexos. | ||
| 502 | |a Tesis (Ingeniero Civil)- UNI, 2013. | ||
| 520 | 3 | |a Presenta el diseño de pavimento flexible y revisión de diseño Geométrico del tramo camino el Marrón - walpapina 8 km, región autónoma Atlántico sur para la cual se aplicaron los métodos de la norma de diseño del manual de Centro Americano del diseño geométrico de carreteras SIECA, AASHTO – 93, se analiza el estudio geotécnico del tramo estudio y banco de préstamo para obtener información sobre las condiciones del suelo y si este soportará la estructura propuesta, analizar el estudio de transito realizado al camino para determinar la cantidad de ejes equivalentes, determinar la estructura de pavimento flexible apropiado para la carretera y revisar el diseño geométrico para dicho tramo. | |
| 650 | 7 | |a DISEÑO DE PAVIMENTO FLEXIBLE | |
| 650 | 7 | |b ESTUDIO DE SUELO | |
| 650 | 7 | |c ESTUDIO GEOTECNICO | |
| 650 | 7 | |d ESTUDIO DE TRANSITO | |
| 700 | 1 | |a Tutor: |b Morales Urbina, Israel | |
| 942 | |c BK |2 ddc | ||
| 991 | |a TESIS | ||
| 999 | |c 18183 | ||